000 00374nam a22001457a 4500
999 _c17898
_d17898
008 190927b xxu||||| |||| 00| 0 eng d
020 _a0273773061
050 _aHF5636
_b.W86
100 _aWood, Frank
245 _aFrank Wood's Book- Keeping and Accounts
_cFrank Wood
250 _a8th ed.
260 _aEngland
_bPearson
_c2013
300 _aix, 612p.
942 _2lcc
_cBK